La casa del miedo: memorias de abajo
Αποθηκεύτηκε σε:
| Κύριος συγγραφέας: | |
|---|---|
| Μορφή: | Βιβλίο |
| Γλώσσα: | Ισπανικά |
| Έκδοση: |
Ciudad de México
Siglo Veintiuno
1992
|
| Θέματα: | |
| Ετικέτες: |
Προσθήκη ετικέτας
Δεν υπάρχουν, Καταχωρήστε ετικέτα πρώτοι!
|
MARC
| LEADER | 00000nam a2200000 a 4500 | ||
|---|---|---|---|
| 001 | UCR8303 | ||
| 003 | CL-VaPUC | ||
| 008 | 980529e19920000MX |||||||||||||||||spa|d | ||
| 082 | 0 | 4 | |a 823 |b CAR |2 21 |
| 100 | |a Carrington, Leonora |e autora |9 409960 | ||
| 245 | 1 | 3 | |a La casa del miedo: memorias de abajo |
| 300 | |a 213 p | ||
| 942 | |c BK | ||
| 945 | |d 19980529 00:00:00 |a mvenant | ||
| 260 | |a Ciudad de México |b Siglo Veintiuno |c 1992 | ||
| 650 | 0 | |a Novelas inglesas |9 265220 | |
| 583 | |a last modification |c 19980529 00:00:00 |k Rodrigo Vera | ||
| 999 | |c 269758 |d 269756 | ||
| 952 | |0 0 |1 0 |4 0 |6 823_000000000000000_CAR_1992 |7 0 |8 A |9 303736 |a BIBART |b BIBART |d 2019-11-20 |i 3430103 |l 5 |o 823 CAR 1992 |p 3430103 |r 2025-03-13 |s 2023-10-12 |w 2019-11-20 |y BK |k ART | ||